| 000 | 01003nam a22003017i 4500 | ||
|---|---|---|---|
| 003 | EG-GICUC | ||
| 005 | 20260420170851.0 | ||
| 008 | 260118s1933 uk ||||fr||| 00|1|||eng d | ||
| 040 |
_aEG-GiCUC _cEG-GiCUC _dEG-GiCUC _eRda _beng |
||
| 041 | _aeng | ||
| 082 | 0 | 4 |
_221 _a341.33040 _bSO . E |
| 092 | 0 | 4 | _221 |
| 099 | _aLaw1 11 341.33040 SO . E 1933 | ||
| 100 | 1 |
_aSontag, Raymond James, _eAuthor. |
|
| 245 | 1 | 0 |
_aEuropean Diplomatic History, 1871-1932 / _cby Raymond James Sontag. |
| 264 | 1 |
_aLondon ; _aNew York : _bThe Century co., _c1933. |
|
| 300 |
_a425 pages ; _c24 cm. |
||
| 336 |
_2rda contenu _a texte |
||
| 337 |
_2rda medias _aOrdinateur |
||
| 338 |
_2 transporteur rda _a Ressource en ligne |
||
| 490 | 0 | _aThe Century historical series | |
| 504 | _aIncludes index. | ||
| 546 | _aText in English | ||
| 650 | 1 | 4 |
_adiplomacy - Histoiré _xPublic international law _zEurope |
| 856 | 4 | 0 | _uhttps://fll.law.cu.edu.eg/fulltext/bks/B11-06880.pdf |
| 905 | _a75 | ||
| 942 |
_2ddc _cBK _e21 _n0 |
||
| 999 |
_c57410 _d57410 |
||